El decameron 2ºparte /
Guardado en:
| Autor Principal: | |
|---|---|
| Formato: | Libro |
| Publicado: |
Madrid :
Club Internacional del Libro,
1998
|
| Materias: | |
| Etiquetas: |
Agregar Etiqueta
Sin Etiquetas, Sea el primero en etiquetar este registro!
|
| LEADER | 00565nam a22001815a 4500 | ||
|---|---|---|---|
| 001 | CEM.cems016949 | ||
| 008 | 130507s1998##################000#0#####d | ||
| 005 | 20241217154726.0 | ||
| 245 | 1 | 0 | |a El decameron 2ºparte / |c Giovanni Boccaccio. |
| 260 | |a Madrid : |b Club Internacional del Libro, |c 1998 | ||
| 300 | |a 319 p. | ||
| 020 | |a T.II:8482651900O.C.:8482651889 | ||
| 100 | 1 | |a Boccaccio, Giovanni. | |
| 082 | 0 | 4 | |a 857.1 |
| 653 | |a Cuento italiano | ||
| 653 | |a Literatura medieval | ||
| 653 | |a Literatura | ||
| 859 | |a CEMS |b BIB. CEMS - Agricultura |h 857.1 |i B630 |p A0150.00 |t Ej.1 |v II |3 II | ||
